Η σύγχρονη προπόνηση στο ποδόσφαιρο
Αποθηκεύτηκε σε:
| Κύριος συγγραφέας: | |
|---|---|
| Μορφή: | Βιβλίο |
| Γλώσσα: | Greek |
| Δημοσίευση: |
[Θεσσαλονίκη] :
[χ.ό.],
[19--]
|
| Θέματα: | |
| Ετικέτες: |
Προσθήκη ετικέτας
Δεν υπάρχουν, Καταχωρήστε ετικέτα πρώτοι!
|
MARC
| LEADER | 00000nam a2200000 i 4500 | ||
|---|---|---|---|
| 001 | 1/91957 | ||
| 008 | 991108q19601990 gre d | ||
| 035 | |l 10053839 | ||
| 040 | |a GR-MY-UA |b gre |e aacr | ||
| 041 | 0 | |a gre | |
| 082 | 0 | |a 796.334 | |
| 100 | 1 | |a Σγάρας, Κώστας Α. | |
| 245 | 1 | 2 | |a Η σύγχρονη προπόνηση στο ποδόσφαιρο / |c Κώστα Αν. Σγάρα |
| 260 | |a [Θεσσαλονίκη] : |b [χ.ό.], |c [19--] | ||
| 300 | |a 165 σ. | ||
| 650 | 0 | 0 | |a Soccer |x Training. |
| 852 | |a INST |b RHODES |e 19991108 |h 796.334 ΣΓΑ |p 005400008084 |q 005400008084 |t BK |y 0 | ||
| 909 | |a Ρ |b 019811 | ||
| 922 | |a 4ΕΛΗ |b 199105 |c ΜΙΚΙΟΖΟΣ | ||
| 970 | |a ΧΟΡΟΖΙΔΟΥ |b ΤΖΕΝΗ |z 1999/11/08 | ||